| 000 | 01270nam a2200241 a 4500 | ||
|---|---|---|---|
| 001 | 000684292 | ||
| 003 | AM-YeHGA | ||
| 005 | 20250617142228.0 | ||
| 008 | 090918s1986 ||||||||r|||||000|0|rus|d | ||
| 040 | _aAM-YeHGA | ||
| 041 | 0 | _arus | |
| 100 | 1 | _aКозинец, Геннадий Иванович | |
| 245 | 1 | 0 |
_aЦитофотометрия гемопоэтических клеток / _cГ.И. Козинец, В.М. Котельников, В.Е. Гольдберг ; Центральный научно-исследовательский институт гематологии и переливания крови. |
| 260 |
_aТомск : _bИзд-во Томского университета, _c1986. |
||
| 300 |
_a224 с : _bил., табл. ; _c20 см. |
||
| 504 | _aСписок лит.: с. 212-223 | ||
| 650 | 1 | 4 | _aЦитофотометрия |
| 650 | 1 | 4 | _aГемопоэтические стволовые клетки |
| 700 | 1 | _aКотельников, Валерий Михайлович | |
| 700 | 1 | _aГольдберг, Виктор Евгеньевич | |
| 710 | 2 | _aЦентральный научно-исследовательский институт гематологии и переливания крови | |
| 090 | _c255354 | ||
| 999 |
_c253755 _d253755 |
||